Vietnam Fatherland Front and the struggle for national unity. (Record no. 69500)

MARC details
000 -LEADER
fixed length control field 01228cam a22002771 4500
001 - CONTROL NUMBER
control field sa 66004578
003 - CONTROL NUMBER IDENTIFIER
control field DLC
005 - DATE AND TIME OF LATEST TRANSACTION
control field 20260227112243.0
008 - FIXED-LENGTH DATA ELEMENTS--GENERAL INFORMATION
fixed length control field 780519s1956 vm 000 0 eng
010 ## - LIBRARY OF CONGRESS CONTROL NUMBER
LC control number sa 66004578
040 ## - CATALOGING SOURCE
Original cataloging agency DLC
Transcribing agency DLC
Modifying agency DLC
043 ## - GEOGRAPHIC AREA CODE
Geographic area code a-vt---
050 00 - LIBRARY OF CONGRESS CALL NUMBER
Classification number DS560.6
Item number .V53
082 00 - DEWEY DECIMAL CLASSIFICATION NUMBER
Classification number 959.704
Edition number 19
245 00 - TITLE STATEMENT
Title Vietnam Fatherland Front and the struggle for national unity.
260 ## - PUBLICATION, DISTRIBUTION, ETC.
Place of publication, distribution, etc. Hanoi,
Name of publisher, distributor, etc. Foreign Language Pub. House,
Date of publication, distribution, etc. 1956.
300 ## - PHYSICAL DESCRIPTION
Extent 61 p.
Dimensions 19 cm.
500 ## - GENERAL NOTE
General note Consists of an excerpt from the report made by Hoang Quoc Viet at the Congress of the National United Front, Sept., 1955, an excerpt from the report delivered by Pham Van Dong at the Fifth Session of the National Assembly, Sept., 1955, and a speech made by Troung Chinh at the Congress for the Foundation of the Viet-Nam Fatherland Front, Sept., 1955.
500 ## - GENERAL NOTE
General note "Programme and statutes of the National United Front": p. 16-26.
610 20 - SUBJECT ADDED ENTRY--CORPORATE NAME
Corporate name or jurisdiction name as entry element Mặt trận tỏ̂ quó̂c Việt-Nam.
651 #0 - SUBJECT ADDED ENTRY--GEOGRAPHIC NAME
Geographic name Vietnam (Democratic Republic)
General subdivision History.
700 1# - ADDED ENTRY--PERSONAL NAME
Personal name Hoàng, Quó̂c Việt.
700 1# - ADDED ENTRY--PERSONAL NAME
Personal name Phạm, Văn Đò̂ng,
Dates associated with a name 1906-2000.
700 0# - ADDED ENTRY--PERSONAL NAME
Personal name Trường Chinh.
710 2# - ADDED ENTRY--CORPORATE NAME
Corporate name or jurisdiction name as entry element Mặt trận tỏ̂ quó̂c Việt-Nam.

No items available.

Powered by Koha